000 00857nas a2200277 4500
001 BR0405608
003 BR-BrBNA
005 20231205105006.0
007 ta
008 230509b bl.|||p| |||| 00| 00por d
040 _aBR-BrBNA
_bpor
_cBiblioteca Nacional de Agricultura
041 _a(En)
072 _aQ04
100 1 _aPaes, M.C.D.
100 1 _aMaga, J.
245 1 _aEffect of extrusion on essential amino acids profile and color of whole-grain flours of quality protein maize (QPM)and normal maize/cultivars
650 _aMILHO
650 _aVARIEDADE
650 _aQUALIDADE
650 _aPROTEÍNA
650 _aEXTRUSÃO
650 _aCOR
773 0 _tRevista Brasileira de Milho e Sorgo (Brazil)
_xISSN 1676-689X
_g(Jan-Apr 2004), v. 3(1) p. 10-20
_wBR0405608
909 _a202311
_bLúcia
_c55
_dLúcia Elande
942 _2AGRIS
_n0
_cANA
999 _c180661
_d180661